[Event "Merida World Heritage op 1st"]
[Site "Merida"]
[Date "2021.08.06"]
[Round "5"]
[White "Gonzalvez Perales, Jose Luis"]
[Black "Figuero Toro, Julian Francisco"]
[Result "0-1"]
[WhiteElo "1962"]
[BlackElo "2221"]
[PlyCount "56"]
[EventDate "2021.08.04"]
[EventType "swiss"]
[EventRounds "9"]
[EventCountry "ESP"]
[SourceTitle "EXT 2023"]
[Source "ChessBase"]
[SourceDate "2022.10.05"]
[SourceVersion "1"]
[SourceVersionDate "2022.10.05"]
[SourceQuality "1"]

1. d4 g6 2. Nc3 Bg7 3. Bf4 d6 4. e3 Nd7 5. h4 e5 6. dxe5 dxe5 7. Bg3 h5 8. Nf3 Ne7 9. Bc4 0-0 10. e4 Nc6 11. 0-0 Nb6 12. Be2 Bg4 13. Ng5 Bxe2 14. Nxe2 Qe7 15. c3 Rad8 16. Qc2 Bh6 17. f4 Nc4 18. Qa4 Nxb2 19. Qb5 Nd3 20. Qxb7 Qc5+ 21. Kh2 Na5 22. Qb1 Nc4 23. Rd1 Ncb2 24. Rd2 Qe3 25. Qc2 Nc4 26. Rdd1 exf4 27. Be1 Bxg5 28. hxg5 Nce5 0-1

[Event "ESP-ch Seniors 50+"]
[Site "Altea"]
[Date "2017.10.08"]
[Round "2"]
[White "Gonzalvez Perales, Jose Luis"]
[Black "Lopez Pereyra, Antonio"]
[Result "0-1"]
[WhiteElo "1988"]
[BlackElo "2137"]
[PlyCount "60"]
[EventDate "2017.10.07"]
[EventType "swiss"]
[EventRounds "9"]
[EventCountry "ESP"]
[SourceTitle "CBM 181 Extra"]
[Source "ChessBase"]
[SourceDate "2017.12.12"]
[SourceVersion "1"]
[SourceVersionDate "2017.12.12"]
[SourceQuality "1"]

1. e4 c5 2. d4 cxd4 3. c3 Nf6 4. e5 Nd5 5. cxd4 e6 6. Nf3 b6 7. Nc3 Nxc3 8. bxc3 Qc7 9. Bd2 Bb7 10. Bd3 d6 11. 0-0 Nd7 12. Re1 Be7 13. Qe2 Rd8 14. exd6 Bxd6 15. Ng5 Nf6 16. Nxe6 fxe6 17. Qxe6+ Kf8 18. c4 Bc8 19. Qe2 Bxh2+ 20. Kh1 Re8 21. Qf3 Bg4 22. Rxe8+ Kxe8 23. Qa8+ Qb8 24. Qc6+ Kf7 25. c5 Be6 26. Re1 Bd5 27. Qb5 bxc5 28. Qxc5 Bd6 29. Qa5 Qc7 30. Qa4 Qd7 0-1

[Event "Valencia Region-ch"]
[Site "Valencia"]
[Date "2016.10.08"]
[Round "2"]
[White "Lozano Gil, Jose Luis"]
[Black "Gonzalvez Perales, Jose Luis"]
[Result "0-1"]
[WhiteElo "1881"]
[BlackElo "1966"]
[PlyCount "46"]
[EventDate "2016.10.01"]
[EventType "swiss"]
[EventRounds "7"]
[EventCountry "ESP"]
[SourceTitle "EXT 2024"]
[Source "ChessBase"]
[SourceDate "2023.10.10"]
[SourceVersion "1"]
[SourceVersionDate "2023.10.10"]
[SourceQuality "1"]

1. d4 Nf6 2. c4 c5 3. d5 b5 4. cxb5 a6 5. bxa6 g6 6. Nc3 Bxa6 7. f4 d6 8. Nf3 Bg7 9. e4 Bxf1 10. Rxf1 0-0 11. Kf2 Qb6 12. Kg1 Nbd7 13. Qe2 Rfb8 14. h3 Qb4 15. Re1 Nb6 16. Nd2 Nh5 17. Qf3 Na4 18. Nxa4 Qxa4 19. g4 Bxb2 20. Bxb2 Rxb2 21. Qc3 Rc2 22. Qe3 Nxf4 23. Nb3 Ng2 0-1

[Event "Valencia Region-ch"]
[Site "Valencia"]
[Date "2015.10.03"]
[Round "1.6"]
[White "Gonzalvez Perales, Jose Luis"]
[Black "Minaya, Juan"]
[Result "1/2-1/2"]
[WhiteElo "1972"]
[BlackElo "2191"]
[PlyCount "56"]
[EventDate "2015.10.03"]
[EventType "swiss"]
[EventRounds "7"]
[EventCountry "ESP"]
[SourceTitle "EXT 2024"]
[Source "ChessBase"]
[SourceDate "2023.10.10"]
[SourceVersion "1"]
[SourceVersionDate "2023.10.10"]
[SourceQuality "1"]

1. e4 e6 2. d4 c5 3. d5 exd5 4. exd5 d6 5. Nf3 Be7 6. Nc3 Nf6 7. h3 0-0 8. Be2 Na6 9. 0-0 Nc7 10. a4 b6 11. Nh2 Bb7 12. Bf3 a6 13. Rb1 b5 14. axb5 axb5 15. b4 c4 16. Re1 Re8 17. Nf1 Nd7 18. Ne3 Bf6 19. Bb2 g6 20. Ne4 Be5 21. Ng4 Bxb2 22. Nxd6 Rxe1+ 23. Qxe1 Bxd5 24. Bxd5 Nxd5 25. Rxb2 Qg5 26. Ra2 Rf8 27. Ra7 N7f6 28. Nxf6+ Nxf6 1/2-1/2

[Event "Xativa Murta op 1st"]
[Site "Xativa"]
[Date "2015.08.28"]
[Round "7"]
[White "Sanchez Jerez, Emilio Miguel"]
[Black "Gonzalvez Perales, Jose Luis"]
[Result "1-0"]
[WhiteElo "2187"]
[BlackElo "2010"]
[PlyCount "39"]
[EventDate "2015.08.25"]
[EventType "swiss"]
[EventRounds "9"]
[EventCountry "ESP"]
[SourceTitle "EXT 2016"]
[Source "ChessBase"]
[SourceDate "2015.10.08"]
[SourceVersion "1"]
[SourceVersionDate "2015.10.08"]
[SourceQuality "1"]

1. e4 c6 2. d4 d5 3. e5 c5 4. dxc5 e6 5. a3 a5 6. Be3 Nc6 7. Nf3 Nge7 8. Bd3 Qc7 9. Nc3 Na7 10. b4 Ng6 11. 0-0 Nxe5 12. Bf4 Nxf3+ 13. Qxf3 Qd8 14. Na4 Nc6 15. Nb6 Ra7 16. Qg3 Bd7 17. Bc7 Qf6 18. Bb8 axb4 19. Bxa7 Nxa7 20. Qb8+ 1-0

[Event "Xativa Murta op 1st"]
[Site "Xativa"]
[Date "2015.08.27"]
[Round "5"]
[White "Gonzalvez Perales, Jose Luis"]
[Black "Uran Bermudez, Oliver Kevin"]
[Result "0-1"]
[WhiteElo "2010"]
[BlackElo "2216"]
[PlyCount "98"]
[EventDate "2015.08.25"]
[EventType "swiss"]
[EventRounds "9"]
[EventCountry "ESP"]
[SourceTitle "EXT 2016"]
[Source "ChessBase"]
[SourceDate "2015.10.08"]
[SourceVersion "1"]
[SourceVersionDate "2015.10.08"]
[SourceQuality "1"]

1. e4 c5 2. c3 Nf6 3. e5 Nd5 4. Nf3 Nc6 5. Bc4 Nb6 6. Bb3 c4 7. Bc2 Qc7 8. Qe2 e6 9. 0-0 d6 10. exd6 Bxd6 11. d4 cxd3 12. Qxd3 Ne5 13. Nxe5 Bxe5 14. f4 Bf6 15. f5 exf5 16. Bf4 Qc4 17. Qd6 Be7 18. Qe5 Be6 19. Na3 Qc5+ 20. Kh1 Qxe5 21. Bxe5 f6 22. Bd4 g6 23. Rfe1 Kf7 24. Nb5 Rhc8 25. Bb3 Bxb3 26. axb3 a6 27. Bxb6 axb5 28. b4 Rxa1 29. Rxa1 Rc6 30. Bd4 Ra6 31. Rxa6 bxa6 32. Kg1 Ke6 33. Kf2 Bd6 34. h3 Be5 35. Bb6 Kd5 36. g4 fxg4 37. hxg4 Ke4 38. Be3 g5 39. Ke2 h6 40. Bd2 f5 41. gxf5 Kxf5 42. Kf3 h5 43. b3 g4+ 44. Kg2 h4 45. c4 h3+ 46. Kh1 g3 47. Be3 Ke4 48. Bb6 g2+ 49. Kg1 Kf3 0-1

[Event "Xativa Murta op 1st"]
[Site "Xativa"]
[Date "2015.08.26"]
[Round "3"]
[White "Gonzalvez Perales, Jose Luis"]
[Black "Cruz Lledo, Pablo"]
[Result "0-1"]
[WhiteElo "2010"]
[BlackElo "2291"]
[PlyCount "24"]
[EventDate "2015.08.25"]
[EventType "swiss"]
[EventRounds "9"]
[EventCountry "ESP"]
[SourceTitle "EXT 2016"]
[Source "ChessBase"]
[SourceDate "2015.10.08"]
[SourceVersion "1"]
[SourceVersionDate "2015.10.08"]
[SourceQuality "1"]

1. e4 d5 2. exd5 Qxd5 3. Nc3 Qd6 4. d4 Nf6 5. Bc4 g6 6. Nge2 Bg7 7. a3 0-0 8. Bf4 Qc6 9. Bb5 Qxg2 10. Rg1 Qh3 11. Bxc7 a6 12. Qd3 axb5 0-1

[Event "Alzira op 4th"]
[Site "Alzira"]
[Date "2014.12.29"]
[Round "5"]
[White "Roca Cruz, Rafael"]
[Black "Gonzalvez Perales, Jose Luis"]
[Result "0-1"]
[WhiteElo "1917"]
[BlackElo "2029"]
[PlyCount "100"]
[EventDate "2014.12.27"]
[EventType "swiss"]
[EventRounds "7"]
[EventCountry "ESP"]
[SourceTitle "CBM 164 Extra"]
[Source "ChessBase"]
[SourceDate "2015.03.02"]
[SourceVersion "1"]
[SourceVersionDate "2015.03.02"]
[SourceQuality "1"]

1. d4 Nf6 2. c4 c5 3. Nf3 cxd4 4. Nxd4 e6 5. g3 Nc6 6. Bg2 Qb6 7. Nxc6 bxc6 8. 0-0 Ba6 9. b3 Be7 10. Ba3 d5 11. Qc1 Bxa3 12. Nxa3 0-0 13. Rd1 Rab8 14. e3 Rfd8 15. Qc3 Qc5 16. Nc2 dxc4 17. Rxd8+ Rxd8 18. bxc4 Qxc4 19. Qxc4 Bxc4 20. Bxc6 Rd2 21. Nb4 g6 22. a4 a5 23. Rc1 axb4 24. Rxc4 b3 25. Rb4 b2 26. Kg2 Ng4 27. a5 Rxf2+ 28. Kg1 Rd2 29. a6 Rd1+ 30. Kg2 b1Q 31. Rxb1 Rxb1 32. a7 Ra1 33. a8Q+ Rxa8 34. Bxa8 Nxe3+ 35. Kf3 Nd5 36. Bxd5 exd5 37. Ke3 Kg7 38. Kd4 Kf6 39. Kxd5 Kf5 40. h3 h5 41. Kd6 g5 42. Ke7 Kg6 43. Kd6 Kf6 44. Kd5 Kf5 45. Kd4 h4 46. gxh4 gxh4 47. Ke3 Ke5 48. Kf3 f5 49. Ke3 f4+ 50. Kf3 Kf5 0-1

[Event "Valencia Provincial-ch"]
[Site "Valencia"]
[Date "2014.10.18"]
[Round "3"]
[White "Gonzalvez Perales, Jose Luis"]
[Black "Alonso Igual, Ignacio"]
[Result "1-0"]
[WhiteElo "2008"]
[BlackElo "1842"]
[PlyCount "83"]
[EventDate "2014.09.27"]
[EventType "swiss"]
[EventRounds "7"]
[EventCountry "ESP"]
[SourceTitle "EXT 2016"]
[Source "ChessBase"]
[SourceDate "2015.10.08"]
[SourceVersion "1"]
[SourceVersionDate "2015.10.08"]
[SourceQuality "1"]

1. e4 e5 2. Nf3 Nf6 3. Nxe5 Nxe4 4. Qe2 Qe7 5. Qxe4 d6 6. d4 dxe5 7. dxe5 Nc6 8. Bf4 g5 9. Bb5 Bd7 10. e6 Bxe6 11. Bxc6+ bxc6 12. 0-0 0-0-0 13. Be3 Bd5 14. Qf5+ Qe6 15. Qxe6+ fxe6 16. Nc3 h6 17. Bxa7 Bg7 18. a4 Bxc3 19. bxc3 Bc4 20. Rfd1 Rxd1+ 21. Rxd1 h5 22. f3 Rg8 23. Rd4 Ba6 24. h3 g4 25. hxg4 hxg4 26. Rxg4 Rxg4 27. fxg4 Be2 28. g5 Bh5 29. Kf2 Kb7 30. Bd4 Ka6 31. Ke3 c5 32. Bxc5 Ka5 33. Kf4 Kxa4 34. g4 Bg6 35. Ke5 Kb5 36. Kf6 Bxc2 37. Bd4 Kc6 38. Be5 Kd7 39. Kf7 Bd1 40. g6 Bxg4 41. g7 Bh5+ 42. Kf8 1-0

[Event "Alzira op"]
[Site "Alzira"]
[Date "2014.08.24"]
[Round "4"]
[White "Jarque Megias, Juan Jose"]
[Black "Gonzalvez Perales, Jose Luis"]
[Result "1-0"]
[WhiteElo "1854"]
[BlackElo "2012"]
[PlyCount "84"]
[EventDate "2014.08.22"]
[EventType "swiss"]
[EventRounds "9"]
[EventCountry "ESP"]
[SourceTitle "EXT 2016"]
[Source "ChessBase"]
[SourceDate "2015.10.08"]
[SourceVersion "1"]
[SourceVersionDate "2015.10.08"]
[SourceQuality "1"]

1. e4 d5 2. exd5 Qxd5 3. Nc3 Qd6 4. Bc4 Nf6 5. h3 Nc6 6. Nge2 e5 7. 0-0 Be7 8. Nb5 Qd8 9. a4 a6 10. Na3 Bf5 11. d3 0-0 12. Bd2 Qd7 13. Ng3 Bg6 14. Re1 Rfe8 15. Bc3 Bd6 16. Qf3 Nd4 17. Bxd4 exd4 18. Qxb7 Qxa4 19. Bb3 Qb4 20. Rxe8+ Rxe8 21. Qxb4 Bxb4 22. Nc4 a5 23. Ra4 Ra8 24. Ne5 Ra6 25. Ne2 Rd6 26. Nc4 Re6 27. Nxd4 Re1+ 28. Kh2 Nd7 29. Nxa5 Bd6+ 30. g3 Ne5 31. Nc4 Nxc4 32. Ra8+ Bf8 33. Bxc4 h5 34. b4 h4 35. gxh4 Bh5 36. Kg2 g6 37. Rc8 g5 38. hxg5 Kg7 39. Rxc7 Bxb4 40. Ne6+ Kg8 41. Nf4 Bd1 42. Bxf7+ Kh8 1-0

[Event "Alzira Christmas op 3rd"]
[Site "Alzira"]
[Date "2013.12.30"]
[Round "7"]
[White "Pena Riasco, Alexander"]
[Black "Gonzalvez Perales, Jose Luis"]
[Result "1-0"]
[WhiteElo "2164"]
[BlackElo "1986"]
[PlyCount "67"]
[EventDate "2013.12.27"]
[EventType "swiss"]
[EventRounds "7"]
[EventCountry "ESP"]
[SourceTitle "CBM 158 Extra"]
[Source "ChessBase"]
[SourceDate "2014.02.28"]
[SourceVersion "1"]
[SourceVersionDate "2014.02.28"]
[SourceQuality "1"]

1. e4 c6 2. d4 d5 3. Nd2 dxe4 4. Nxe4 Nd7 5. Bc4 Ngf6 6. Ng5 e6 7. N1f3 Nb6 8. Bb3 Bd6 9. Qe2 h6 10. Nh3 a5 11. c3 Nbd5 12. Ne5 a4 13. Bxd5 Nxd5 14. 0-0 0-0 15. c4 Bxe5 16. dxe5 Ne7 17. Rd1 Qc7 18. Bf4 Ng6 19. Bg3 Rd8 20. Rd6 Bd7 21. Rad1 Be8 22. Qd2 Rdb8 23. Nf4 Ne7 24. Qe2 Nf5 25. Nh5 Qe7 26. h4 Nxh4 27. Bxh4 Qxh4 28. R1d4 Qe7 29. Qg4 Qg5 30. Qe2 Qe7 31. Rg4 g5 32. Nf6+ Kf8 33. Rxg5 hxg5 34. Qh5 1-0